000 00445nam a2200181Ia 4500
001 15499
005 20260306170200.0
008 260306t2013||||xx |||||||||||||| ||und||
041 _aESP
082 _a541.36
_bM96
100 _aMuñoz Andrés, Vicenta
_eAUT
245 0 _aOperaciones unitarias y reactores químicos
260 _c2013
300 _a311 páginas :
_c24 cm.
650 _aGEN
654 _aCCN
942 _cLIB
_dJUS
_fJUS
_2ddc
_n
999 _c15499
_d15499